<?xml version="1.0" encoding="UTF-8"?><?xml-stylesheet type="text/xsl" href="static/style.xsl"?><OAI-PMH xmlns="http://www.openarchives.org/OAI/2.0/" xmlns:xsi="http://www.w3.org/2001/XMLSchema-instance" xsi:schemaLocation="http://www.openarchives.org/OAI/2.0/ http://www.openarchives.org/OAI/2.0/OAI-PMH.xsd"><responseDate>2026-04-13T05:01:51Z</responseDate><request verb="GetRecord" identifier="oai:www.recercat.cat:10230/35323" metadataPrefix="marc">https://recercat.cat/oai/request</request><GetRecord><record><header><identifier>oai:recercat.cat:10230/35323</identifier><datestamp>2025-12-20T20:23:38Z</datestamp><setSpec>com_2072_6</setSpec><setSpec>col_2072_452954</setSpec></header><metadata><record xmlns="http://www.loc.gov/MARC21/slim" xmlns:dcterms="http://purl.org/dc/terms/" xmlns:xsi="http://www.w3.org/2001/XMLSchema-instance" xmlns:doc="http://www.lyncode.com/xoai" xsi:schemaLocation="http://www.loc.gov/MARC21/slim http://www.loc.gov/standards/marcxml/schema/MARC21slim.xsd">
   <leader>00925njm 22002777a 4500</leader>
   <datafield ind2=" " ind1=" " tag="042">
      <subfield code="a">dc</subfield>
   </datafield>
   <datafield ind2=" " ind1=" " tag="720">
      <subfield code="a">Aguilar Sánchez, Helena</subfield>
      <subfield code="e">author</subfield>
   </datafield>
   <datafield ind2=" " ind1=" " tag="260">
      <subfield code="c">2018-07-30T10:41:04Z</subfield>
   </datafield>
   <datafield ind2=" " ind1=" " tag="260">
      <subfield code="c">2018-07-30T10:41:04Z</subfield>
   </datafield>
   <datafield ind2=" " ind1=" " tag="260">
      <subfield code="c">2018</subfield>
   </datafield>
   <datafield ind2=" " ind1=" " tag="520">
      <subfield code="a">Memòria del treball de Fi de Grau en Negocis i Màrqueting Internacionals (ESCI). Curs 2017-2018</subfield>
   </datafield>
   <datafield ind2=" " ind1=" " tag="520">
      <subfield code="a">Tutor: Jordi Aguilar</subfield>
   </datafield>
   <datafield ind2=" " ind1=" " tag="520">
      <subfield code="a">Move-U és un model de negoci que soluciona les necessitats de la mobilitat urbana actual. El projecte evoluciona seguint la filosofia Lean Startup i ofereix un servei de mobilitat i gestió que utilitza el concepte Mobility As A Service per a empreses i particulars. Es valida la proposta de valor amb clients potencials i s&amp;apos;entrevisten a socis clau, com ho són: Autoritats del transport públic, operadors de mobilitat pública i privada, proveïdors de dades i socis tecnològics. També es realitza un focus group per validar la usabilitat de la maqueta de l&amp;apos;App i un pla de viabilitat del negoci.</subfield>
   </datafield>
   <datafield ind2=" " ind1=" " tag="520">
      <subfield code="a">MOVe-U es un modelo de negocio que soluciona las necesidades de la movilidad urbana actual. El proyecto evoluciona siguiendo la filosofía Lean Startup y ofrece un servicio de movilidad y gestión que utiliza el concepto Mobility As A Service para empresas y particulares. Se valida la propuesta de valor con clientes potenciales y se entrevistan a socios clave, como lo son: Autoridades del transporte público, operadores de movilidad pública y privada, proveedores de datos y socios tecnológicos. También se realiza un focus group para validar la usabilidad de la maqueta de la App y se realiza un plan de viabilidad del negocio.</subfield>
   </datafield>
   <datafield ind2=" " ind1=" " tag="520">
      <subfield code="a">MOVe-U is a business model that solves the needs of current urban mobility. The project evolves following the Lean Startup philosophy and offers mobility and management services by using the Mobility As A Service concept for companies and individuals. The value proposal is validated with potential customers and key partners are interviewed, such as: Public transport authorities, public and private mobility operators, data providers and technology partners. It has been also done a focus group to validate the usability of the App and a financial analysis to ensure its viability.</subfield>
   </datafield>
   <datafield tag="653" ind2=" " ind1=" ">
      <subfield code="a">Treball de fi de grau – Curs 2017-2018</subfield>
   </datafield>
   <datafield tag="653" ind2=" " ind1=" ">
      <subfield code="a">Empreses – Creació</subfield>
   </datafield>
   <datafield tag="653" ind2=" " ind1=" ">
      <subfield code="a">Emprenedoria</subfield>
   </datafield>
   <datafield tag="653" ind2=" " ind1=" ">
      <subfield code="a">Transport urbà</subfield>
   </datafield>
   <datafield ind2="0" ind1="0" tag="245">
      <subfield code="a">MOVe-U : Proyecto de Mobility As A Service en Barcelona siguiendo el modelo Lean Startup</subfield>
   </datafield>
</record></metadata></record></GetRecord></OAI-PMH>